000 00437nam a2200181Ia 4500
001 13924
005 20260306164836.0
008 260306t1998||||xx |||||||||||||| ||spa||
041 _aESP
082 _a005.72
_bP63
100 _aPitoura, Evaggelia
_eAUT
245 0 _aData management for mobile computing
260 _c1998
300 _aix, 157 páginas :
_c23 cm.
650 _aGEN
654 _aCCC
942 _cLIB
_dJUS
_fJUS
_2ddc
_n
999 _c13924
_d13924